<?xml version="1.0" encoding="UTF-8"?>
<record
    xmlns:xsi="http://www.w3.org/2001/XMLSchema-instance"
    xsi:schemaLocation="http://www.loc.gov/MARC21/slim http://www.loc.gov/standards/marcxml/schema/MARC21slim.xsd"
    xmlns="http://www.loc.gov/MARC21/slim">

  <leader>02442nam a2200229Ia 4500</leader>
  <controlfield tag="003">OSt</controlfield>
  <controlfield tag="005">20230723201746.0</controlfield>
  <controlfield tag="008">180524s2009    CNT           000 0 und d</controlfield>
  <datafield tag="020" ind1=" " ind2=" ">
    <subfield code="a">9783170194212</subfield>
  </datafield>
  <datafield tag="040" ind1=" " ind2=" ">
    <subfield code="c">New Zealand National Baha'i Reference Library</subfield>
  </datafield>
  <datafield tag="100" ind1=" " ind2=" ">
    <subfield code="a">Manfred Hutter</subfield>
    <subfield code="9">517</subfield>
  </datafield>
  <datafield tag="245" ind1="1" ind2="0">
    <subfield code="a">Handbuch Bah&#x101;&#x2BE;&#x12B; : Geschichte, Theologie, Gesellschaftsbezug</subfield>
  </datafield>
  <datafield tag="246" ind1=" " ind2=" ">
    <subfield code="a">Bah&#x101;&#x2BE;&#x12B; Handbook: History, Theology, Social Relations</subfield>
  </datafield>
  <datafield tag="260" ind1=" " ind2=" ">
    <subfield code="a">Stuttgart</subfield>
    <subfield code="b">Verlag  W. Kohlhammer</subfield>
    <subfield code="c">2009</subfield>
  </datafield>
  <datafield tag="300" ind1=" " ind2=" ">
    <subfield code="a">230 p.</subfield>
  </datafield>
  <datafield tag="500" ind1=" " ind2=" ">
    <subfield code="a">Das "Handbuch Bahai" bietet eine Gesamtdarstellung dieser in der Mitte des 19. Jahrhunderts im Iran entstandenen monotheistischen Religion. Neben Entstehungsgeschichte der Religion und Lehrinhalten sind auch die daraus resultierenden Praktiken zur Kultur- und Gesellschaftsgestaltung ausf&#xFC;hrlich dargestellt. Das Buch behandelt Fragen der aktuellen Verbreitungsgeschichte, geht auf die Verfolgungen der Religionsgemeinschaft in der Islamischen Republik Iran ein, bespricht die wichtigsten Bahai-St&#xE4;tten in Israel, die im Juli 2008 in die Liste von Denkm&#xE4;lern des Weltkulturerbes aufgenommen wurden, und thematisiert das Verh&#xE4;ltnis der Bahai zu anderen Religionen. Ein eigener Abschnitt widmet sich der Entwicklung der Bahai-Gemeinden in Deutschland, &#xD6;sterreich und der Schweiz.</subfield>
  </datafield>
  <datafield tag="500" ind1=" " ind2=" ">
    <subfield code="a">The "Bahai Handbook" offers an overall description of this monotheistic religion, which arose in Iran in the middle of the 19th century. In addition to the history of the origins of the religion and the teaching content, the resulting practices for shaping culture and society are also presented in detail. The book deals with questions of the current history of distribution, goes into the persecution of the religious community in the Islamic Republic of Iran, discusses the most important Baha'i sites in Israel, which were included in the list of World Cultural Heritage monuments in July 2008, and addresses the relationship between the Baha'i and other religions. A separate section is dedicated to the development of the Baha'i communities in Germany, Austria and Switzerland.</subfield>
  </datafield>
  <datafield tag="650" ind1=" " ind2="0">
    <subfield code="a">Baha'i Studies</subfield>
    <subfield code="v">Baha'i Faith</subfield>
    <subfield code="9">568</subfield>
  </datafield>
  <datafield tag="650" ind1=" " ind2="0">
    <subfield code="a">Introductory Works</subfield>
    <subfield code="v">Baha'i Faith</subfield>
    <subfield code="9">289</subfield>
  </datafield>
  <datafield tag="856" ind1=" " ind2=" ">
    <subfield code="3">PDF</subfield>
    <subfield code="u">https://library.abs.org.nz/cgi-bin/koha/opac-retrieve-file.pl?id=d0963366c9889610bdd32cb0501b0a9a</subfield>
    <subfield code="y">Handbuch Bah&#x101;&#x2BE;&#x12B; : Geschichte, Theologie, Gesellschaftsbezug (Contents Pages)</subfield>
  </datafield>
  <datafield tag="942" ind1=" " ind2=" ">
    <subfield code="2">ddc</subfield>
    <subfield code="c">CHAPTER</subfield>
  </datafield>
  <datafield tag="999" ind1=" " ind2=" ">
    <subfield code="c">28009</subfield>
    <subfield code="d">28009</subfield>
  </datafield>
  <datafield tag="952" ind1=" " ind2=" ">
    <subfield code="0">0</subfield>
    <subfield code="1">0</subfield>
    <subfield code="2">ddc</subfield>
    <subfield code="4">0</subfield>
    <subfield code="7">0</subfield>
    <subfield code="a">NZNBRL</subfield>
    <subfield code="b">NZNBRL</subfield>
    <subfield code="d">2023-07-23</subfield>
    <subfield code="l">0</subfield>
    <subfield code="r">2023-07-23 17:52:59</subfield>
    <subfield code="w">2023-07-23</subfield>
  </datafield>
</record>
